LEADER 01082nam a2200265 u 4500 001 000000031742 003 CaOOAMICUS 005 20070226112156.0 008 971007s1991 it u000 u ita u 035 $a10771854 040 $aPUL(R)$bita 100 1 $aPenna, Romano,$d1937-$0(OLS)http://pul/name/11954 245 12$aL'apostolo Paolo :$bstudi di esegesi e teologia /$cRomano Penna. 260 $a[Cinisello Balsamo] :$bEd. Paoline,$c1991. 300 $a712 p. ;$c21 cm 490 1 $aParola di Dio.$aSeconda serie ;$v12 500 $aIndici : p. 691-712. 504 $a"Pubblicazioni di provenienza" : p. [687]-689. 830 0$aParola di Dio.$nSeconda serie ;$v12.$0(OLS)http://pul/title/16144 850 $aPUL 852 $aPUL$W1$xSL Religione 1$y3$m10 E 54$j43791$nBK-PRI$b $qStampati$B43791$CPULBib$Z2$F43791 $H $81 941 1 $a8 961 $aINV: 68559. 996 $6245$aL'apostolo Paolo :$bstudi di esegesi e teologia$9(OLS)http://pul/title/43677 996 $6260$a[Cinisello Balsamo] :$bEd. Paoline$9(OLS)http://pul/publisher/61142 LEADER 01222nam a2200277 u 4500 001 000000031235 003 CaOOAMICUS 005 20070226112122.0 008 970930s1968 gw u000 u ger u 035 $a10771005 040 $aPUL(R)$bita 100 1 $aDibelius, Martin,$d1883-1947.$0(OLS)http://pul/name/24988 245 10$aAufsätze zur Apostelgeschichte /$cMartin Dibelius ; herausgegeben von Heinrich Greeven. 250 $a5. durchgesehen Aufl. 260 $aGöttingen :$bVandenhoeck & Ruprecht,$c1968. 300 $a192 p. ;$c24 cm 490 1 $aForschungen zur Religion und Literatur des Alten und Neuen Testaments 500 $a"Register" : p. [181]-192. 700 1 $aGreeven, Hein.,$d1906-1990.$0(OLS)http://pul/name/24961 830 0$aForschungen zur Religion und Literatur des Alten und Neuen Testaments.$0(OLS)http://pul/title/15482 850 $aPUL 852 $aPUL$W1$xSL Religione 1$y3$m10 A 1$j43158$nBK-PRI$b $qStampati$B43158$CPULBib$Z2$F43158 $H $81 941 1 $a8 961 $aINV: 38109. 996 $6245$aAufsätze zur Apostelgeschichte$9(OLS)http://pul/title/42933 996 $6260$aGöttingen :$bVandenhoeck & Ruprecht$9(OLS)http://pul/publisher/47973